Vista normal Vista MARC

Entrada Nombre personal

Número de registros utilizados en: 2

001 - NÚMERO DE CONTROL

  • Campo de control: 41543

003 - IDENTIFICADOR DE NÚMERO DE CONTROL

  • Campo de control: OSt

005 - FECHA Y HORA DE LA ULTIMA MODIFICACION

  • Campo de control: 20210127160232.0

008 - ELEMENTOS DE DATOS DE LONGITUD FIJA

  • Campo de longitud fija: 170616|| aca||aabn | a|a d

040 ## - FUENTE DE LA CATALOGACIÓN

  • Agencia original de catalogación: OSt

100 1# - ENCABEZAMIENTO--NOMBRE DE PERSONA

  • Nombre personal: Recinos Calderón, Ismenia Beatriz

400 1# - TRAZADO VEÁSE--NOMBRE DE PERSONA

  • Nombre personal: Recinos, Beatriz

400 1# - TRAZADO VEÁSE--NOMBRE DE PERSONA

  • Nombre personal: Calderón, Ismenia

400 1# - TRAZADO VEÁSE--NOMBRE DE PERSONA

  • Nombre personal: Recinos de Retana, Ismenia Beatriz

670 ## - FUENTE DE DATOS ENCONTRADOS

  • Fuente de citación: Pasantía, Dirección General de Protección Cívil, Santa Ana

670 ## - FUENTE DE DATOS ENCONTRADOS

  • Fuente de citación: BMC-16-06-2017